000 00708nam a22002177a 4500
001 9414
003 BD-RjUL
005 20211208234756.0
008 140121s1967 nyu||||| |||| 00| 0 eng d
035 _a(BD-RjUL)9459
040 _aBD-RjUL
_beng
_cBD-RjUL
041 _aeng
082 0 4 _222
_a541.39
_bCHE 1967
245 0 0 _aChemical equuilibria /
_cby Gordon M Barrow; Malcom E Kenney; Jean D Lassila; Robert L Litle; Warren E.Thompson
260 _aNew York[w.a.] :
_bBenjamin,
_c1967.
300 _aviii, 120 p. ;
_c22 cm.
490 _aUnderstanding chemistry, / Gordon M. Barrow ... ; Vol. 5
650 0 _aChemical reactions.
_929171
700 1 _aBarrow, Gordon M [...et all.]
_929172
942 _2ddc
_cBK
999 _c9414
_d9414